Giáo trình pháp luật đại cương /

Đã lưu trong:
書目詳細資料
企業作者: Học viện Tài chính.
其他作者: Trương Hồng Hải, TS (chủ biên.)
格式: Sách giấy
語言:Vietnamese
出版: H. : Tài chính, 2005.
版:Tái bản có sửa chữa và bổ sung.
主題:
標簽: 添加標簽
沒有標簽, 成為第一個標記此記錄!
Thư viện lưu trữ: Thư viện Trường Đại học Đà Lạt
LEADER 00898nam a2200337 4500
001 DLU090074764
005 ##20090608
040 # # |a DLU  |b vie 
041 # # |a vie 
044 # # |a vn 
082 # # |a 340  |b HOC 
110 # # |a Học viện Tài chính. 
245 # # |a Giáo trình pháp luật đại cương /  |c Học viện Tài chính; Trương Hồng Hải chủ biên. 
250 # # |a Tái bản có sửa chữa và bổ sung. 
260 # # |a H. :  |b Tài chính,  |c 2005. 
300 # # |a 351 tr. ;  |c 21 cm. 
653 # # |a Giáo trình 
653 # # |a Nhà nước pháp quyền 
653 # # |a Pháp luật 
700 # # |a Trương Hồng Hải,  |c TS,  |e chủ biên. 
923 # # |a 06/2009 
991 # # |a GT 
992 # # |a 20000 
994 # # |a DLU 
900 # # |a True 
911 # # |a Đào Thị Thu Huyền 
925 # # |a G 
926 # # |a A 
927 # # |a SH 
980 # # |a Thư viện Trường Đại học Đà Lạt